Statistics for Los Angeles Dodgers: All-Star Selections

Click here to take the quiz!

General Stats

  • This quiz has been taken 82 times
  • The average score is 33 of 122

Answer Stats

Position Amount of Selections Player % Correct
P7Clayton Kershaw
95%
P8Sandy Koufax
90%
1B1Cody Bellinger
79%
SS10Pee Wee Reese
76%
2B6Jackie Robinson
74%
C5Mike Piazza
67%
CF7Duke Snider
64%
P11Don Drysdale
64%
1B8Steve Garvey
62%
P6Fernando Valenzuela
62%
3B1Justin Turner
62%
C8Roy Campanella
60%
P1Tommy John
60%
SS2Corey Seager
60%
P2Orel Hershiser
55%
OF3Reggie Smith
52%
RF1Yasiel Puig
52%
C2Russell Martin
52%
3B6Ron Cey
52%
1B1Adrián González
50%
P4Don Sutton
50%
P4Don Newcombe
48%
LF4Tommy Davis
45%
CF2Willie Davis
45%
P2Kenley Jansen
45%
SS2Bill Russell
43%
2B4Davey Lopes
40%
2B3Steve Sax
40%
P1Steve Howe
38%
P2Mike Marshall
38%
P1Ramón Martínez
36%
1B8Gil Hodges
36%
SS9Maury Wills
36%
OF2Dusty Baker
36%
P1Hideo Nomo
36%
C2Mike Scioscia
36%
CF1Joc Pederson
36%
CF1Rick Monday
31%
P2Zack Greinke
31%
SS1Nomar Garciaparra
31%
RF1Shawn Green
31%
1B4Pedro Guerrero
31%
P3Eric Gagne
29%
P2Kevin Brown
29%
CF1Brett Butler
29%
P1Chan Ho Park
29%
RF1Raúl Mondesi
29%
RF1Darryl Strawberry
29%
P1Bob Welch
29%
C7John Roseboro
26%
OF2Andre Ethier
26%
P3Stan Williams
26%
C1Yasmani Grandal
24%
2B1Jeff Kent
24%
RF2Carl Furillo
24%
P2Andy Messersmith
24%
P3Claude Osteen
21%
2B1Dee Gordon
21%
C2Paul Lo Duca
21%
P1Jay Howell
21%
OF4Dixie Walker
21%
2B1Jim Gilliam
21%
P1Burt Hooton
21%
RF3Gary Sheffield
21%
P1Jerry Reuss
21%
P3Ralph Branca
21%
2B3Billy Herman
19%
P1Alex Wood
19%
1B1Eddie Murray
19%
P1Odalis Pérez
19%
C1Al López
17%
P1Bill Singer
17%
P3Johnny Podres
17%
P4Preacher Roe
14%
LF1Manny Mota
14%
OF3Wally Moon
14%
2B5Charlie Neal
14%
1B2Dolph Camilli
14%
P2Jeff Shaw
12%
OF2Jim Wynn
12%
SS1Rafael Furcal
12%
C1Bruce Edwards
12%
LF3Joe Medwick
12%
P2Brad Penny
12%
C4Mickey Owen
10%
C1Tom Haller
10%
2B1Jim Lefebvre
10%
2B1Willie Randolph
10%
2B1Eddie Stanky
10%
3B4Cookie Lavagetto
10%
2B1Juan Samuel
10%
P1Carl Erskine
10%
SS1José Offerman
10%
OF2Pete Reiser
10%
P1Jim Brewer
10%
SS1César Izturis
7%
2B1Orlando Hudson
7%
3B1Mike Sharperson
7%
P1Rick Rhoden
7%
3B1Billy Grabarkewitz
7%
P1Jonathan Broxton
7%
1B3Norm Larker
7%
P4Whit Wyatt
7%
P2Todd Worrell
7%
P1Hal Gregg
7%
P1Takashi Saito
7%
P1Phil Regan
7%
P1Chad Billingsley
7%
P1Hung-Chih Kuo
7%
SS1Arky Vaughan
7%
CF1Goody Rosen
7%
P1Kirby Higbe
7%
OF1Gino Cimoli
5%
P4Van Mungo
5%
LF2Augie Galan
5%
SS2Leo Durocher
5%
P2Clem Labine
5%
P1Mike Morgan
2%
2B1Tony Cuccinello
2%
C3Babe Phelps
2%
2B1Pete Coscarart
0%

Score Distribution

Percentile by Number Answered

Percent of People with Each Score

Your Score History

You have not taken this quiz